000 nam a22 7a 4500
999 _c9993
_d9993
008 180209b ||||| |||| 00| 0 eng d
100 _aLangley,A.
_94660
245 _aHistory of Britain Victorian (1837-1901)
260 _bHeinemann
_c1994